Medallero de los Juegos Olímpicos - Sydney 2000 - Estadísticas

Estadísticas generales
  • Esta prueba ha sido intentada 26 veces
  • La puntuación promedio es 9 de 10
Estadísticas de respuestas
Oro Plata Bronce Total País % Correcto
28 16 15 59 China
100%
36 24 31 91 Estados Unidos
100%
32 28 29 89 Rusia
100%
13 17 26 56 Alemania
95%
13 8 13 34 Italia
95%
16 25 17 58 Australia
90%
13 14 11 38 Francia
90%
11 10 7 28 Reino Unido
90%
8 10 10 28 Corea del Sur
80%
11 11 7 29 Cuba
35%
No se encontraron pruebas coincidentes
Distribución de puntuación
Porcentaje de gente con cada puntuación
Porcentaje por número respondido
Historial de tus puntuaciones
No has intentado esta prueba.